000 00711cam a22002411 4500
001 he 67000908
003 DLC
005 20260227111446.0
008 840424s1962 is 000 0 heb
010 _ahe 67000908
035 _a(OCoLC)19151294
040 _aDLC
_cMH
_dDLC
042 _apremarc
050 0 0 _aBS1225
_b.S367 1912a
100 1 _aShvadron, Shalom Mordecai,
_d1835-1911.
245 1 0 _aTekhelet Mordekhai :
_bʻal ha-Torah...
260 _aJerusalem :
_bPardes,
_c[1962 or 1963]
300 _a53, 152, 2 leaves ;
_c28 cm.
500 _aPhoto-offset of Maramarossziget 1912/13 ed.
630 0 0 _aBible.
_pPentateuch
_xCommentaries.
752 _aRomania
_dSighet
752 _aIsrael
_dJerusalem
999 _c32366
_d32366